00500nam a2200193 a 4500001001300000003000900013005001700022008004100039020001000080082001600090100002400106245002200130260003700152300001000189500003500199505003300234650001500267700002400282nice12345678IN_TiNIC20260116011406.0050524s1921 laha grp 000 0 urd  ac10000a297.86bKAM aKamaluddin, Khawaja aSilk-E-Marwareed. aLahorebMulim Book Societyc1921 a312p. aincludes index and biblioraphy2 aBound one Volumes Part 1 & 2 aAhmadiyyah1 aKamaluddin, Khawaja